[Event "VEN-chT Liga Superior qual"]
[Site "Caracas"]
[Date "2018.01.28"]
[Round "5.1"]
[White "Fuentes Ramos, Alejandro"]
[Black "Brizuela Abreu, Reivis Gabriel"]
[Result "1/2-1/2"]
[WhiteElo "2182"]
[BlackElo "2214"]
[PlyCount "48"]
[EventDate "2018.01.26"]
[EventType "team-swiss"]
[EventRounds "6"]
[EventCountry "VEN"]
[SourceTitle "EXT 2022"]
[Source "ChessBase"]
[SourceDate "2021.10.06"]
[SourceVersion "1"]
[SourceVersionDate "2021.10.06"]
[SourceQuality "1"]
[WhiteTeam "Guarico"]
[BlackTeam "Fransheskawhite"]
[WhiteTeamCountry "VEN"]
[BlackTeamCountry "VEN"]

1. e4 e6 2. d4 d5 3. exd5 exd5 4. Bd3 Bd6 5. Ne2 Ne7 6. 0-0 Nbc6 7. c3 0-0 8. Bf4 Ng6 9. Bxd6 Qxd6 10. Na3 Nce7 11. Qd2 Bf5 12. Rae1 Rfe8 13. Nc2 Rad8 14. Ne3 Bxd3 15. Qxd3 Qd7 16. f4 f5 17. Ng3 Rf8 18. Re2 Rf7 19. b3 c6 20. Nc2 Nc8 21. Ne1 Nd6 22. Qc2 Ne4 23. Re3 Re8 24. Nd3 Rff8 1/2-1/2

[Event "VEN-chT Liga Superior qual"]
[Site "Caracas"]
[Date "2018.01.28"]
[Round "6.2"]
[White "Rojas, Luis Gabriel"]
[Black "Fuentes Ramos, Alejandro"]
[Result "0-1"]
[WhiteElo "2055"]
[BlackElo "2182"]
[PlyCount "66"]
[EventDate "2018.01.26"]
[EventType "team-swiss"]
[EventRounds "6"]
[EventCountry "VEN"]
[SourceTitle "EXT 2022"]
[Source "ChessBase"]
[SourceDate "2021.10.06"]
[SourceVersion "1"]
[SourceVersionDate "2021.10.06"]
[SourceQuality "1"]
[WhiteTeam "AlphaZero"]
[BlackTeam "Guarico"]
[WhiteTeamCountry "VEN"]
[BlackTeamCountry "VEN"]

1. e4 e5 2. Nf3 Nc6 3. Bb5 a6 4. Ba4 Nf6 5. 0-0 Be7 6. Re1 b5 7. Bb3 d6 8. c3 0-0 9. h3 Na5 10. Bc2 c5 11. d4 Qc7 12. Nbd2 cxd4 13. cxd4 Nc6 14. d5 Nb4 15. Bb1 a5 16. Nf1 Re8 17. Qe2 Bd7 18. a3 Na6 19. Bg5 h6 20. Bd2 Nc5 21. g4 h5 22. g5 Nh7 23. Ng3 Bxh3 24. Nh4 Nb3 25. Nxh5 Nxa1 26. Nxg7 Kxg7 27. Qh5 Nxg5 28. Nf5+ Bxf5 29. exf5 Rh8 30. f6+ Bxf6 31. Qg4 Rag8 32. Rc1 Qd8 33. Bf5 Nb3 0-1

[Event "San Juan Bello Memorial U2200 2nd"]
[Site "San Juan de Los Morros"]
[Date "2016.09.17"]
[Round "2.3"]
[White "Acosta Villegas, Alfredo Eleazar"]
[Black "Fuentes Ramos, Alejandro"]
[Result "0-1"]
[WhiteElo "1829"]
[BlackElo "2155"]
[PlyCount "51"]
[EventDate "2016.09.17"]
[EventType "swiss"]
[EventRounds "5"]
[EventCountry "VEN"]
[SourceTitle "EXT 2022"]
[Source "ChessBase"]
[SourceDate "2021.10.06"]
[SourceVersion "1"]
[SourceVersionDate "2021.10.06"]
[SourceQuality "1"]

1. b4 e5 2. Bb2 Bxb4 3. Bxe5 Nf6 4. Nf3 Nc6 5. Bb2 0-0 6. e3 d5 7. Be2 Re8 8. 0-0 b6 9. d4 Ne4 10. c4 Be6 11. a3 Ba5 12. Qa4 a6 13. Rd1 dxc4 14. Qc2 Qd5 15. Ne5 Nxe5 16. dxe5 Qb5 17. a4 Qb3 18. Qxb3 cxb3 19. Rd4 Nc5 20. f4 Rad8 21. Kf2 Bf5 22. Na3 Ne4+ 23. Kg1 Bc3 24. Rb1 Nd2 25. Bxc3 Nxb1 26. Nxb1 0-1

[Event "San Juan Bello Memorial U2200 2nd"]
[Site "San Juan de Los Morros"]
[Date "2016.09.17"]
[Round "4.3"]
[White "Camacho, Thomas"]
[Black "Fuentes Ramos, Alejandro"]
[Result "0-1"]
[WhiteElo "2022"]
[BlackElo "2155"]
[PlyCount "106"]
[EventDate "2016.09.17"]
[EventType "swiss"]
[EventRounds "5"]
[EventCountry "VEN"]
[SourceTitle "EXT 2022"]
[Source "ChessBase"]
[SourceDate "2021.10.06"]
[SourceVersion "1"]
[SourceVersionDate "2021.10.06"]
[SourceQuality "1"]

1. e4 e5 2. Nf3 Nc6 3. Bc4 Nf6 4. d3 Be7 5. c3 0-0 6. Bb3 d6 7. Nbd2 Be6 8. 0-0 d5 9. Qe2 Re8 10. Rd1 h6 11. Nf1 Bf8 12. Ng3 a6 13. h3 Qd7 14. Nh4 g6 15. Qf3 Qe7 16. Qe2 Bg7 17. Nf3 Qd7 18. Nh2 Rad8 19. Be3 Kh7 20. Bc2 d4 21. Bd2 Qd6 22. Rf1 b5 23. a4 dxc3 24. bxc3 b4 25. cxb4 Nxb4 26. Bxb4 Qxb4 27. a5 Nd7 28. Nf3 Qd6 29. Rfc1 Rb8 30. Ba4 c5 31. Qc2 Rec8 32. Nd2 Rb4 33. Ngf1 h5 34. Ne3 Nf8 35. Ndc4 Bxc4 36. Nxc4 Qd4 37. Nb6 Rb2 38. Qxb2 Qxb2 39. Nxc8 Ne6 40. Nb6 Nf4 41. Rab1 Qd4 42. Rc4 Qxd3 43. Rd1 Qe2 44. Rf1 Qd3 45. Bc2 Ne2+ 46. Kh2 Qd2 47. Rxc5 Bh6 48. g3 Bf4 49. Rd1 Bxg3+ 50. Kg2 Qf4 51. fxg3 Qxg3+ 52. Kf1 Nf4 53. Rd2 Qxh3+ 0-1